1840 1085 1613 1514 1724 1984 1121 1030 1713 1414 1865 1842 1359 1536 1379 1154 1790 1524 1252 1820 1593 1370 1677 1085 1436 1571 1322 1798 1332 1330 1962 1932 1726 1154 1494 1954 1778 1801 1724 1845 1385 1461 1829 1388 1593 1873 1204 1306 1260 1908 1435 1841 1184 1668 1528 1068 1929 1621 1789 1919 1728 1936 1597 1863 1702 1611 1631 1349 1092 1723 1530 1534 1320 1216 1163 1490 1928 1823 1667 1380 1455 1505 1442 1901 1872 1155 1414 1861 1844 1844 1213 1898 1760 1664 1406 1796 1035 1947 1154 BCNSPRNW ULIB Ver.6.0+V

เปลี่ยนเป็นภาษาไทย

Change to English
 แสดงรายละเอียดบรรณานุกรม
  กลับหน้าหลัก

Brief Record : Get Marc (ISO 2709) : E-mail record : QR code < ปิดหน้าต่าง
LEADER : 00000nam 2200000uu 4500
001    13399113602
003     ULIB
008    111201s2550||||th 000 0 tha d
020    ^a9789747503708
090    ^aนว.^bว820ร 2550
100 0  ^aวีสาม
245 00 ^aLove me do...รักเจ้าเอย/^cวีสาม
250    ^aพิมพ์ครั้งที่ 2
260    ^aกรุงเทพฯ :^bแจ่มใส,^c2550
300    ^a383 หน้า
710 1  ^aแจ่มใส
945    ^p229^l0^i14060
995    ^aทศพร
999    ^aใช้งานได้ทุกระบบ
รายการนี้ยังไม่มีแท็ก
คุณยังไม่ได้ล็อกอิน คุณสามารถมีกิจกรรมร่วมกับเว็บไซต์ได้ แต่ต้องล็อกอินก่อน ::
  ล็อกอิน

รายการสื่อสารสนเทศ

ลำดับที่ ประเภท เลขเรียก/บาร์โค้ด สถานที่ สถานะ
1. นวนิยาย
นวนิยาย
นว. ว820ร 2550 ฉ.1 
  Barcode: 14060
ห้องสมุดวิทยาเขตสวรรค์ประชารักษ์
►นวนิยาย
บนชั้น
  ขอยืม

รายการใกล้เคียง
    ผู้แต่ง [วีสาม]

BibComment


ยังไม่เคยถูกคอมเมนท์

คอมเมนท์ทรัพยากรรายการนี้
  คอมเมนท์: Love me doรักเจ้..


 Copyright 2026. Bcnsprnw @Library